000 01339nam a2200385 c 4500
999 _c344605
_d344605
003 BLK
005 20240316005344.0
008 180911b bul|||||r ||||||| ||bul||
010 _a004271
040 _aBLK
041 _aFRE
_cBUL
080 _aСборник
_x92
_z840.09840(092)92
100 1 _aHERVIER, Marcel
_eпърви автор
_9398029
245 0 0 _aLes Ecrivains francais juges par leurs contemporains
_nT. 4
_pLe dix-neuvieme siecle - deuxieme pt
246 _i
_pепос-сборници
260 _aParis
_bMellottee
_c1942
_g1942
300 _c19 см
380 _a82
490 _aЧастна колекция - Академик Михаил Арнаудов
_gДарение - Основен фонд
500 _aМихаил Арнаудов: негови-книга. - Подчертавания в текста : с. 31.
520 _a
520 _a
650 4 _aБиографии
_9148657
650 0 _aСборници
_9396392
653 _aепос
653 _aсборници
655 _aЛитературознание
_9396446
700 1 _aMarcel Hervier
_9398030
760 _h249 с.
_oT. 4
_tLe dix-neuvieme siecle - deuxieme pt
852 _aМА 1280
942 _cKNG
_n0
_s1
944 _aCR
_c1996
_k
_lCRON CRON
999 _d344605
999 _d344605